New religions of Japan (Record no. 1089888)

MARC details
000 -LEADER
fixed length control field 00728nam a2200289Ia 4500
003 - CONTROL NUMBER IDENTIFIER
control field OSt
005 - DATE AND TIME OF LATEST TRANSACTION
control field 20221006151342.0
008 - FIXED-LENGTH DATA ELEMENTS--GENERAL INFORMATION
fixed length control field 221006b |||||||| |||| 00| 0 eng d
020 ## - INTERNATIONAL STANDARD BOOK NUMBER
-- .00
037 ## - SOURCE OF ACQUISITION
Terms of availability Textual
040 ## - CATALOGING SOURCE
Original cataloging agency EASL
Transcribing agency EASL
Language of cataloging eng
041 ## - LANGUAGE CODE
Source of code eng
Language code of text/sound track or separate title eng
100 ## - MAIN ENTRY--PERSONAL NAME
Personal name THOMSEN Harry
9 (RLIN) 659000
245 #0 - TITLE STATEMENT
Title New religions of Japan
260 ## - PUBLICATION, DISTRIBUTION, ETC.
Place of publication, distribution, etc. Japan
Name of publisher, distributor, etc. Charles E. Tuttle
Date of publication, distribution, etc. 1963
300 ## - PHYSICAL DESCRIPTION
Extent 269p.
Dimensions cm.
490 ## - SERIES STATEMENT
Volume/sequential designation RS
650 ## - SUBJECT ADDED ENTRY--TOPICAL TERM
Topical term or geographic name entry element JEL
650 ## - SUBJECT ADDED ENTRY--TOPICAL TERM
Topical term or geographic name entry element Omoto Group
9 (RLIN) 659001
650 ## - SUBJECT ADDED ENTRY--TOPICAL TERM
Topical term or geographic name entry element Nichiren Group
9 (RLIN) 659002
942 ## - ADDED ENTRY ELEMENTS (KOHA)
Classification part Q842.N5, K3
Koha item type Textual
Source of classification or shelving scheme Colon Classification (CC)
Holdings
Withdrawn status Lost status Source of classification or shelving scheme Damaged status Use restrictions Not for loan Home library Current library Date acquired Serial Enumeration / chronology Total Checkouts Full call number Barcode Date last seen Price effective from Koha item type
    Colon Classification (CC)       Department of East Asian Studies Library Department of East Asian Studies Library 2022-10-06 RS   Q842.N5 K3 EAPC00201 2022-10-06 2022-10-06 Textual
Copyright @ Delhi University Library System